000
00326nam a2200133Ia 4500
008
150301s2015 xx 000 0 und d
082
_a
661.8
_b
P14A
100
_a
MOHAMMED ALI
245
_a
TB OF PHARMACEUTICAL ORGANIC CHEMISTRY
260
_b
CBS- DELHI
300
_a
475
650
_a
ORGANIC CHEMISTRY
942
_2
ddc
_c
BK
_0
9
999
_c
7123
_d
7123